[Event "Winnipeg TNT Aug op"]
[Site "Winnipeg CAN"]
[Date "2004.08.10"]
[Round "2"]
[White "Rutter, Blair"]
[Black "Lauritson, Jim"]
[Result "0-1"]
[WhiteElo "1662"]
[BlackElo "1964"]
[PlyCount "68"]
[GameId "2160767911094760"]
[EventDate "2004.08.03"]
[EventType "swiss"]
[EventRounds "4"]
[EventCountry "CAN"]
[SourceTitle "EXT 2006"]
[Source "ChessBase"]
[SourceDate "2005.11.24"]
[SourceVersion "1"]
[SourceVersionDate "2005.11.24"]
[SourceQuality "1"]

1. c4 e5 2. g3 Nf6 3. Bg2 Nc6 4. Nc3 Bb4 5. e4 O-O 6. Nge2 Bxc3 7. dxc3 d6 8. O-O Be6 9. b3 a5 10. f4 a4 11. f5 Bd7 12. b4 Qb8 13. h3 b5 14. cxb5 Qxb5 15. Kh2 Qc4 16. Qc2 Nxb4 17. Qd2 Na6 18. g4 Bc6 19. Ng3 Nc5 20. Qe1 Ncxe4 21. Nxe4 Bxe4 22. Rg1 Bxg2 23. Rxg2 Rfb8 24. g5 Nd5 25. f6 Qxc3 26. Bd2 Qd3 27. Rd1 Rb2 28. Bc1 Rxg2+ 29. Kxg2 Qc2+ 30. Rd2 Nf4+ 31. Kh2 Qc3 32. Qf1 Rb8 33. Rf2 Rb1 34. Rxf4 exf4 0-1

[Event "Winnipeg TNT Aug op"]
[Site "Winnipeg CAN"]
[Date "2004.08.10"]
[Round "2"]
[White "Silva, T Romero"]
[Black "Repa, Jason"]
[Result "0-1"]
[WhiteElo "1636"]
[BlackElo "1938"]
[PlyCount "97"]
[GameId "2160767911094761"]
[EventDate "2004.08.03"]
[EventType "swiss"]
[EventRounds "4"]
[EventCountry "CAN"]
[SourceTitle "EXT 2006"]
[Source "ChessBase"]
[SourceDate "2005.11.24"]
[SourceVersion "1"]
[SourceVersionDate "2005.11.24"]
[SourceQuality "1"]

1. d4 e6 2. Nf3 b6 3. Nc3 Bb7 4. d5 Nf6 5. Bg5 Be7 6. dxe6 fxe6 7. e3 O-O 8. Be2 Ne4 9. Nxe4 Bxe4 10. Bxe7 Qxe7 11. O-O d6 12. c3 Kh8 13. Qd4 Bb7 14. Rad1 Nd7 15. Nd2 Qg5 16. Ne4 Qg6 17. Ng3 e5 18. Qh4 Qf6 19. Qh3 Nc5 20. b4 Ne6 21. Bd3 Ng5 22. Qg4 Bc8 23. Qh5 g6 24. Qe2 Bb7 25. h4 Nf3+ 26. gxf3 Bxf3 27. Qc2 Qxh4 28. Be4 Qh3 29. Bxf3 Rxf3 30. Qe4 Raf8 31. c4 R8f6 32. c5 g5 33. cxd6 cxd6 34. Rc1 Rxg3+ 35. fxg3 Qxg3+ 36. Qg2 Qxe3+ 37. Kh1 Rh6+ 38. Qh2 Rxh2+ 39. Kxh2 Kg7 40. Rc7+ Kg6 41. Rff7 Qd2+ 42. Kg3 h5 43. Rxa7 Qd3+ 44. Kg2 Qd5+ 45. Kh3 Qe6+ 46. Kg2 Qxf7 47. Rxf7 Kxf7 48. Kf2 Ke6 49. a4 0-1

[Event "Winnipeg TNT Aug op"]
[Site "Winnipeg CAN"]
[Date "2004.08.10"]
[Round "2"]
[White "Wasney, Mark"]
[Black "Zhou, Lu"]
[Result "0-1"]
[WhiteElo "1715"]
[BlackElo "1646"]
[PlyCount "126"]
[GameId "2160767911094762"]
[EventDate "2004.08.03"]
[EventType "swiss"]
[EventRounds "4"]
[EventCountry "CAN"]

1. d4 d5 2. c4 e6 3. Nf3 Nf6 4. e3 Be7 5. Nc3 O-O 6. Bd3 dxc4 7. Bxc4 c5 8. O-O Nc6 9. Re1 a6 10. a3 Qc7 11. Ba2 Rd8 12. Ne2 cxd4 13. exd4 h6 14. Qc2 Bd6 15. Be3 Ng4 16. h3 Nxe3 17. fxe3 b5 18. Rac1 Bb7 19. Bb1 g6 20. Nh4 Bg3 21. Nxg3 Qxg3 22. Qf2 Qxf2+ 23. Kxf2 Na5 24. Re2 Nc4 25. Nf3 Rac8 26. Ba2 Be4 27. Bxc4 bxc4 28. Ne5 f6 29. Nf3 a5 30. Rd2 g5 31. Rc3 a4 32. Rd1 Rc7 33. Nd2 Bd3 34. Nf3 Rb7 35. Nd2 Rxb2 36. Kg3 Rc8 37. Nxc4 Bxc4 38. Rdc1 Rb3 39. Rxc4 Rxc4 40. Rxc4 Rxe3+ 41. Kf2 Rxa3 42. Rc6 Kf7 43. Rc7+ Kg6 44. Rc6 Rd3 45. Rxe6 Rxd4 46. Re3 Rd2+ 47. Kf3 Rb2 48. Re4 a3 49. Ra4 a2 50. Kg3 Kf5 51. Kf3 Ke5 52. Ra8 Kd4 53. Rd8+ Kc3 54. Rc8+ Kd2 55. Ra8 Kc1 56. Re8 Rd2 57. Rc8+ Rc2 58. Ra8 Kb1 59. Rb8+ Rb2 60. Ra8 a1=Q 61. Rxa1+ Kxa1 62. g4 Rb3+ 63. Kg2 Ka2 0-1

[Event "Winnipeg TNT Aug op"]
[Site "Winnipeg CAN"]
[Date "2004.04.20"]
[Round "3"]
[White "Cleto, Sam"]
[Black "Pottinger, Carl"]
[Result "1-0"]
[WhiteElo "1883"]
[BlackElo "1653"]
[PlyCount "115"]
[GameId "2160767911094763"]
[EventDate "2004.08.03"]
[EventType "swiss"]
[EventRounds "4"]
[EventCountry "CAN"]
[SourceTitle "EXT 2006"]
[Source "ChessBase"]
[SourceDate "2005.11.24"]
[SourceVersion "1"]
[SourceVersionDate "2005.11.24"]
[SourceQuality "1"]

1. e4 c5 2. Nf3 d6 3. d4 cxd4 4. Nxd4 Nf6 5. Nc3 g6 6. h3 Bg7 7. Be2 O-O 8. Bg5 Nc6 9. Nf3 Qa5 10. O-O Be6 11. Re1 Rfe8 12. Bf1 a6 13. Bd2 Qc7 14. Ng5 Bd7 15. Nd5 Nxd5 16. exd5 Ne5 17. Bc3 Rac8 18. Bxe5 Bxe5 19. c3 Qb6 20. Rb1 Bb5 21. Qf3 Rf8 22. c4 Bd7 23. Bd3 h6 24. Ne4 f5 25. Nc3 Rce8 26. Ne2 Kg7 27. Nf4 Qd4 28. Ne2 Qh4 29. Kf1 Qf6 30. b4 Rf7 31. c5 dxc5 32. bxc5 e6 33. Rxb7 exd5 34. Rb6 Re6 35. Qxd5 Rxb6 36. cxb6 Be6 37. Qa5 Bxa2 38. Qxa2 Qxb6 39. Qxa6 Qd8 40. Rb1 Rd7 41. Rb7 Bc7 42. Qc6 Rxd3 43. Rxc7+ Kh8 44. g3 Rd1+ 45. Kg2 Qd5+ 46. Qxd5 Rxd5 47. h4 g5 48. hxg5 hxg5 49. Nc3 Re5 50. Na4 f4 51. g4 Kg8 52. Nc5 Re2 53. Kf3 Rc2 54. Ne6 Rxc7 55. Nxc7 Kf7 56. Ke4 Kf6 57. Nd5+ Kg6 58. f3 1-0

[Event "Winnipeg TNT Aug op"]
[Site "Winnipeg CAN"]
[Date "2004.04.20"]
[Round "3"]
[White "Costales, Servillano"]
[Black "Trueman, Francis"]
[Result "0-1"]
[WhiteElo "1759"]
[BlackElo "1495"]
[PlyCount "73"]
[GameId "2160767911094764"]
[EventDate "2004.08.03"]
[EventType "swiss"]
[EventRounds "4"]
[EventCountry "CAN"]

1. e3 Nf6 2. d3 d6 3. b3 g6 4. Bb2 Nbd7 5. Nd2 Bg7 6. g3 O-O 7. Bg2 c6 8. Ne2 Re8 9. O-O e5 10. a3 Qe7 11. Rb1 Nf8 12. h3 h5 13. Nf3 N6h7 14. Nh2 f5 15. Kh1 g5 16. Re1 Ne6 17. b4 Rb8 18. Nc3 Nf6 19. Ne2 Bd7 20. c4 f4 21. exf4 gxf4 22. gxf4 exf4 23. Nxf4 Qf7 24. Nxe6 Bxe6 25. Rg1 Bf5 26. Qf3 Bg6 27. Nf1 Re6 28. Rd1 h4 29. Ne3 Bh5 30. Ng4 Qg6 31. Bf1 Rf8 32. Nxf6+ Rfxf6 33. Rxg6 Bxf3+ 34. Rg2 Bxg2+ 35. Bxg2 Rxf2 36. Bxg7 Kxg7 37. Be4 0-1

[Event "Winnipeg TNT Aug op"]
[Site "Winnipeg CAN"]
[Date "2004.04.20"]
[Round "3"]
[White "Czarny, Keith"]
[Black "Silva, T Romero"]
[Result "1-0"]
[WhiteElo "1657"]
[BlackElo "1806"]
[PlyCount "113"]
[GameId "2160767911094765"]
[EventDate "2004.08.03"]
[EventType "swiss"]
[EventRounds "4"]
[EventCountry "CAN"]
[SourceTitle "EXT 2006"]
[Source "ChessBase"]
[SourceDate "2005.11.24"]
[SourceVersion "1"]
[SourceVersionDate "2005.11.24"]
[SourceQuality "1"]

1. c4 b6 2. Nf3 Nf6 3. g3 c5 4. Bg2 Ba6 5. Ne5 d5 6. Qa4+ Nfd7 7. Bxd5 e6 8. Bxa8 Bd6 9. Nc6 Nxc6 10. Bxc6 Bc8 11. Bg2 Qc7 12. Nc3 a6 13. O-O Ke7 14. Ne4 Be5 15. f4 Bd4+ 16. e3 Bf6 17. Nxf6 Nxf6 18. Qc6 Qa7 19. d4 Bd7 20. Qb7 Qxb7 21. Bxb7 a5 22. dxc5 bxc5 23. b3 h5 24. Ba3 Kd6 25. Rad1+ Kc7 26. Bg2 h4 27. Bxc5 hxg3 28. Bd6+ Kc8 29. hxg3 Ng4 30. Rd3 Nh6 31. Rfd1 Nf5 32. g4 Nh4 33. Be7 Nxg2 34. Kxg2 Bc6+ 35. Kg3 Kc7 36. Bd8+ Kb7 37. Bxa5 f5 38. Bc3 fxg4 39. Kxg4 Rh6 40. Rd7+ Bxd7 41. Rxd7+ Kc6 42. Rxg7 Rh2 43. Rg6 Kd7 44. a4 Ke7 45. a5 Rg2+ 46. Kh5 Rh2+ 47. Kg5 Kf7 48. Rg7+ Kf8 49. Kf6 Rh6+ 50. Rg6 Rh7 51. Bb4+ Ke8 52. Rg8+ Kd7 53. Rg7+ Ke8 54. Rxh7 e5 55. Kxe5 Kd8 56. f5 Ke8 57. a6 1-0

[Event "Winnipeg TNT Aug op"]
[Site "Winnipeg CAN"]
[Date "2004.04.20"]
[Round "3"]
[White "Lauritson, Jim"]
[Black "Czypinski, Jaroslaw"]
[Result "1-0"]
[WhiteElo "1893"]
[BlackElo "1903"]
[PlyCount "47"]
[GameId "2160767911094766"]
[EventDate "2004.08.03"]
[EventType "swiss"]
[EventRounds "4"]
[EventCountry "CAN"]
[SourceTitle "EXT 2006"]
[Source "ChessBase"]
[SourceDate "2005.11.24"]
[SourceVersion "1"]
[SourceVersionDate "2005.11.24"]
[SourceQuality "1"]

1. e4 d5 2. exd5 Nf6 3. Bb5+ Bd7 4. Be2 Nxd5 5. d4 e6 6. Nf3 Bd6 7. O-O Nf4 8. Nc3 Nxe2+ 9. Qxe2 O-O 10. Ne4 Bc6 11. c4 Bxe4 12. Qxe4 Nd7 13. Qxb7 Nf6 14. Qb3 c5 15. Be3 Rb8 16. Qc2 Qb6 17. dxc5 Bxc5 18. Bxc5 Qxc5 19. Rfd1 Rfc8 20. b3 e5 21. Qf5 e4 22. Rd8+ Rxd8 23. Qxc5 exf3 24. gxf3 1-0

[Event "Winnipeg TNT Aug op"]
[Site "Winnipeg CAN"]
[Date "2004.04.20"]
[Round "3"]
[White "Moffat, Ron"]
[Black "Degroot, Stephen"]
[Result "1-0"]
[WhiteElo "1726"]
[BlackElo "1552"]
[PlyCount "49"]
[GameId "2160767911094767"]
[EventDate "2004.08.03"]
[EventType "swiss"]
[EventRounds "4"]
[EventCountry "CAN"]
[SourceTitle "EXT 2006"]
[Source "ChessBase"]
[SourceDate "2005.11.24"]
[SourceVersion "1"]
[SourceVersionDate "2005.11.24"]
[SourceQuality "1"]

1. d4 Nf6 2. c4 c6 3. g3 d5 4. Bg2 Bf5 5. Nf3 e6 6. O-O Bd6 7. Qb3 Qc8 8. Bg5 Nbd7 9. Nc3 O-O 10. Rac1 Rb8 11. Nh4 Bg6 12. cxd5 exd5 13. Nxd5 Nxd5 14. Bxd5 Nb6 15. Nxg6 hxg6 16. Bg2 Qg4 17. Be3 Qxe2 18. d5 cxd5 19. Bxb6 axb6 20. Qxb6 Rbd8 21. Bxd5 Be5 22. Bb3 Qxb2 23. Rc7 Rd2 24. Qxg6 Kh8 25. Qh5+ 1-0

[Event "Winnipeg TNT Aug op"]
[Site "Winnipeg CAN"]
[Date "2004.04.20"]
[Round "3"]
[White "Nair, Krishnan"]
[Black "Milord, Frank"]
[Result "0-1"]
[WhiteElo "1221"]
[BlackElo "1555"]
[PlyCount "46"]
[GameId "2160767911094768"]
[EventDate "2004.08.03"]
[EventType "swiss"]
[EventRounds "4"]
[EventCountry "CAN"]
[SourceTitle "EXT 2006"]
[Source "ChessBase"]
[SourceDate "2005.11.24"]
[SourceVersion "1"]
[SourceVersionDate "2005.11.24"]
[SourceQuality "1"]

1. e4 c5 2. Nf3 Nc6 3. Bc4 d6 4. Ng5 e6 5. Qg4 Nf6 6. Qf4 a6 7. a4 Nd4 8. O-O Nxc2 9. Ra2 Be7 10. e5 dxe5 11. Qxe5 Nd4 12. Qe3 Nd5 13. Bxd5 Qxd5 14. Nc3 Qxg5 15. Qe4 Qf5 16. Qxf5 Nxf5 17. Re1 O-O 18. g4 Nd4 19. Re3 Bg5 20. Rd3 Nb3 21. Ne4 Nxc1 22. Ra1 Nxd3 23. Nxg5 Nxb2 0-1

[Event "Winnipeg TNT Aug op"]
[Site "Winnipeg CAN"]
[Date "2004.04.20"]
[Round "3"]
[White "Taylor, Evan"]
[Black "Anderson, George"]
[Result "1-0"]
[WhiteElo "1359"]
[BlackElo "1510"]
[PlyCount "105"]
[GameId "2160767911094769"]
[EventDate "2004.08.03"]
[EventType "swiss"]
[EventRounds "4"]
[EventCountry "CAN"]
[SourceTitle "EXT 2006"]
[Source "ChessBase"]
[SourceDate "2005.11.24"]
[SourceVersion "1"]
[SourceVersionDate "2005.11.24"]
[SourceQuality "1"]

1. d4 e6 2. e4 d5 3. Nc3 Bb4 4. e5 Bd7 5. Qg4 Kf8 6. Bd3 Bxc3+ 7. bxc3 Nc6 8. Ne2 Nce7 9. O-O Ng6 10. f4 f5 11. Qf3 Nh6 12. Ba3+ Kg8 13. h3 Nh4 14. Qf2 g5 15. Ng3 g4 16. Nh5 Ng6 17. Nf6+ Kf7 18. c4 gxh3 19. gxh3 Ng8 20. Nxd7 Qxd7 21. c3 N8e7 22. Bxe7 Qxe7 23. cxd5 Rhg8 24. dxe6+ Qxe6 25. Kh2 Rg7 26. Qe2 Kf8 27. c4 Nh4 28. Rg1 Qh6 29. Rxg7 Kxg7 30. Rg1+ Kh8 31. e6 Qxf4+ 32. Rg3 Ng6 33. Qe3 Qxe3 34. Rxe3 Ne7 35. Kg3 Kg7 36. Kf4 Rf8 37. d5 b5 38. Rg3+ Ng6+ 39. Kg5 b4 40. c5 Ne7 41. d6 cxd6 42. cxd6 h6+ 43. Kf4+ Ng6+ 44. Rxg6+ Kxg6 45. e7 Kf7 46. exf8=Q+ Kxf8 47. Kxf5 Ke8 48. Ke6 Kd8 49. d7 a5 50. Bb5 h5 51. h4 Kc7 52. Ke7 Kb6 53. Ba4 1-0

[Event "Winnipeg TNT Aug op"]
[Site "Winnipeg CAN"]
[Date "2004.04.20"]
[Round "3"]
[White "Taylor, Jasper"]
[Black "Estabrooks, Mike"]
[Result "0-1"]
[WhiteElo "1417"]
[BlackElo "1700"]
[PlyCount "57"]
[GameId "2160767911094770"]
[EventDate "2004.08.03"]
[EventType "swiss"]
[EventRounds "4"]
[EventCountry "CAN"]
[SourceTitle "EXT 2006"]
[Source "ChessBase"]
[SourceDate "2005.11.24"]
[SourceVersion "1"]
[SourceVersionDate "2005.11.24"]
[SourceQuality "1"]

1. e4 d5 2. exd5 Qxd5 3. Nc3 Qa5 4. Nf3 Nf6 5. Bc4 Bf5 6. d3 c6 7. O-O e6 8. Re1 Nbd7 9. Qe2 Be7 10. Bd2 Qc7 11. Ng5 Ng4 12. Nf3 h6 13. h3 Ngf6 14. Ne4 a5 15. a4 O-O 16. Bc3 Nd5 17. Bxd5 cxd5 18. Ng3 Bg6 19. Nd4 Bc5 20. Nb5 Qxg3 21. d4 Qb8 22. dxc5 Nxc5 23. Be5 Qc8 24. Nd6 Qc6 25. Nb5 Rfd8 26. c3 Bd3 27. Qg4 g6 28. Qf4 Nd7 29. Nd6 0-1

[Event "Winnipeg TNT Aug op"]
[Site "Winnipeg CAN"]
[Date "2004.04.20"]
[Round "3"]
[White "Wood, Nathaniel"]
[Black "Reimer, Bruce"]
[Result "0-1"]
[WhiteElo "1333"]
[BlackElo "1375"]
[PlyCount "71"]
[GameId "2160767911094771"]
[EventDate "2004.08.03"]
[EventType "swiss"]
[EventRounds "4"]
[EventCountry "CAN"]
[SourceTitle "EXT 2006"]
[Source "ChessBase"]
[SourceDate "2005.11.24"]
[SourceVersion "1"]
[SourceVersionDate "2005.11.24"]
[SourceQuality "1"]

1. e4 d6 2. d4 Nf6 3. Nc3 g6 4. Bg5 Bg7 5. Qd2 O-O 6. O-O-O c6 7. f4 Bg4 8. Nf3 b5 9. h3 Bd7 10. e5 Ne8 11. Ne4 Qc7 12. Bxe7 Bf5 13. Nxd6 Qxe7 14. Nxf5 gxf5 15. g4 fxg4 16. hxg4 f6 17. Bd3 h6 18. Rde1 Nd7 19. Nh4 fxe5 20. Kb1 Qf6 21. Nf5 Nc7 22. fxe5 Qg5 23. Qh2 Nd5 24. e6 N7f6 25. Re5 Nxg4 26. Nxh6+ Qxh6 27. Qg2 Qf4 28. Bh7+ Kh8 29. Rf5 Rxf5 30. Bxf5+ Nh6 31. Qg6 Nf6 32. Rg1 Nxf5 33. Rh1+ Nh6 34. Rd1 Qg4 35. Qd3 Qxe6 36. b3 0-1

[Event "Winnipeg TNT Aug op"]
[Site "Winnipeg CAN"]
[Date "2004.08.17"]
[Round "3"]
[White "Degroot, Stephen"]
[Black "Silva, T Romero"]
[Result "1-0"]
[WhiteElo "1599"]
[BlackElo "1636"]
[PlyCount "173"]
[GameId "2160767911094772"]
[EventDate "2004.08.03"]
[EventType "swiss"]
[EventRounds "4"]
[EventCountry "CAN"]
[SourceTitle "EXT 2006"]
[Source "ChessBase"]
[SourceDate "2005.11.24"]
[SourceVersion "1"]
[SourceVersionDate "2005.11.24"]
[SourceQuality "1"]

1. e4 c5 2. Nf3 Nc6 3. d4 cxd4 4. Nxd4 a6 5. Nc3 d6 6. Bc4 Nf6 7. Bg5 Ne5 8. Bb3 Bg4 9. f3 Bh5 10. Bxf6 gxf6 11. g4 Bg6 12. f4 Nd7 13. f5 Bh6 14. fxg6 hxg6 15. h4 Bg5 16. Nf3 Bf4 17. Ne2 Qa5+ 18. c3 Qb6 19. Qd4 Be3 20. Qxb6 Nxb6 21. Ned4 e5 22. Nc2 Bf4 23. Nb4 Nd7 24. Nd5 Bg3+ 25. Kf1 O-O-O 26. Kg2 Bf4 27. g5 f5 28. Ne7+ Kc7 29. exf5 gxf5 30. Nxf5 e4 31. N3d4 Ne5 32. Bxf7 Nxf7 33. Ne6+ Kd7 34. Nxf4 Ne5 35. Nd4 Rhg8 36. Rae1 Nc4 37. Rxe4 Nxb2 38. g6 Rc8 39. Rh3 Nc4 40. h5 Ne5 41. Nd5 Rcf8 42. Rf4 Nxg6 43. Rxf8 Nxf8+ 44. Rg3 Rh8 45. Rg7+ Kd8 46. Nf6 Rh6 47. Ng4 Rxh5 48. Rg8 Ra5 49. Rxf8+ Kc7 50. Rf2 Ra3 51. Rc2 Kb6 52. Ne3 Kc5 53. Nb3+ Kc6 54. Kf3 Ra4 55. Nd4+ Kc7 56. Ke4 Ra5 57. Nd5+ Kd7 58. Nb3 Ra4+ 59. c4 Ra3 60. Kd4 Kc6 61. Kc3 Ra4 62. Kb2 b5 63. cxb5+ Kxd5 64. bxa6 Rxa6 65. a3 Ra4 66. Nd2 Kd4 67. Kb3 Ra6 68. Rc4+ Kd3 69. Nb1 d5 70. Rb4 d4 71. a4 Ke3 72. Rb5 Rc6 73. a5 d3 74. Na3 Ke4 75. Rb4+ Ke3 76. Nc4+ Ke2 77. Rb6 Rc5 78. a6 d2 79. Nxd2 Kxd2 80. Kb4 Rc1 81. Rb7 Ra1 82. Kb5 Kc3 83. Kb6 Kc4 84. a7 Rb1+ 85. Kc7 Ra1 86. Kb8 Rg1 87. Rc7+ 1-0

[Event "Winnipeg TNT Aug op"]
[Site "Winnipeg CAN"]
[Date "2004.08.17"]
[Round "3"]
[White "Essery, Richard"]
[Black "Milord, Frank"]
[Result "1-0"]
[WhiteElo "1735"]
[BlackElo "1592"]
[PlyCount "43"]
[GameId "2160767911094773"]
[EventDate "2004.08.03"]
[EventType "swiss"]
[EventRounds "4"]
[EventCountry "CAN"]
[SourceTitle "EXT 2006"]
[Source "ChessBase"]
[SourceDate "2005.11.24"]
[SourceVersion "1"]
[SourceVersionDate "2005.11.24"]
[SourceQuality "1"]

1. e4 c5 2. d4 cxd4 3. c3 dxc3 4. Nxc3 d6 5. Bc4 Nf6 6. e5 Ng8 7. Nf3 e6 8. exd6 Qxd6 9. Qxd6 Bxd6 10. Nb5 Bb4+ 11. Ke2 Na6 12. Bf4 Ba5 13. Rac1 Ne7 14. Nd6+ Kf8 15. Ng5 Nc6 16. Bxa6 bxa6 17. Rxc6 Bd7 18. Rc2 Bb5+ 19. Nxb5 axb5 20. Bd6+ Ke8 21. Rhc1 Rd8 22. Bc7 1-0

[Event "Winnipeg TNT Aug op"]
[Site "Winnipeg CAN"]
[Date "2004.08.17"]
[Round "3"]
[White "Estabrooks, Mike"]
[Black "Reimer, Bruce"]
[Result "1-0"]
[WhiteElo "1711"]
[BlackElo "1344"]
[PlyCount "121"]
[GameId "2160767911094774"]
[EventDate "2004.08.03"]
[EventType "swiss"]
[EventRounds "4"]
[EventCountry "CAN"]
[SourceTitle "EXT 2006"]
[Source "ChessBase"]
[SourceDate "2005.11.24"]
[SourceVersion "1"]
[SourceVersionDate "2005.11.24"]
[SourceQuality "1"]

1. e4 d6 2. d4 Nf6 3. Nc3 g6 4. Bg5 Bg7 5. Nf3 O-O 6. Qd2 Bg4 7. Bh6 Bxf3 8. gxf3 Bxh6 9. Qxh6 Nc6 10. O-O-O e5 11. Ne2 exd4 12. Nxd4 Nxd4 13. Rxd4 Nh5 14. Rd5 Qh4 15. Qe3 Qf4 16. Bc4 Rad8 17. Rg5 c6 18. h3 Rfe8 19. Bd3 d5 20. Rg4 Qxe3+ 21. fxe3 dxe4 22. fxe4 b5 23. Rf1 a6 24. h4 Rd6 25. Rg5 Rf6 26. Rfg1 Ng7 27. Rc5 Rd6 28. h5 Kf8 29. hxg6 fxg6 30. Rh1 Kg8 31. a4 Nh5 32. Rg1 Kh8 33. Rgg5 Ng7 34. axb5 Ne6 35. Rge5 Red8 36. Rc3 cxb5 37. Ra3 Rc6 38. b4 Rd7 39. Kd2 Nd8 40. Rd5 Rcd6 41. c4 Rxd5 42. cxd5 Rd6 43. Kc3 Nf7 44. Kd4 h5 45. e5 Rd8 46. Bxg6 Ng5 47. d6 h4 48. Rxa6 Ne6+ 49. Ke4 h3 50. Ra2 Kg7 51. Bf5 Rh8 52. Rh2 Rh4+ 53. Kd5 Nd8 54. e6 Nb7 55. Rxh3 Rxb4 56. Rh7+ Kf6 57. Rf7+ Kg5 58. Rg7+ Kxf5 59. Rxb7 Re4 60. Rf7+ Kg6 61. Kxe4 1-0

[Event "Winnipeg TNT Aug op"]
[Site "Winnipeg CAN"]
[Date "2004.08.17"]
[Round "3"]
[White "Lauritson, Jim"]
[Black "Boron, Anthony"]
[Result "0-1"]
[WhiteElo "1964"]
[BlackElo "1920"]
[PlyCount "82"]
[GameId "2160767911094775"]
[EventDate "2004.08.03"]
[EventType "swiss"]
[EventRounds "4"]
[EventCountry "CAN"]
[SourceTitle "EXT 2006"]
[Source "ChessBase"]
[SourceDate "2005.11.24"]
[SourceVersion "1"]
[SourceVersionDate "2005.11.24"]
[SourceQuality "1"]

1. e4 d5 2. exd5 Qxd5 3. Nf3 Bg4 4. Be2 Nf6 5. d4 e6 6. O-O c6 7. h3 Bh5 8. c4 Qa5 9. Nc3 Nbd7 10. Be3 Bb4 11. Qb3 O-O 12. Rac1 Rfc8 13. a3 Bd6 14. Rfd1 a6 15. d5 exd5 16. cxd5 cxd5 17. Nxd5 Rxc1 18. Bxc1 Re8 19. Be3 Bc5 20. Qxb7 Bxe3 21. Nxe3 Nc5 22. Qc6 Re6 23. Qc8+ Re8 24. Qc6 Re6 25. Nc4 Qb5 26. Rd8+ Ne8 27. Nd4 Qxc6 28. Nxc6 Rxe2 29. Ne3 Kf8 30. g4 Bg6 31. b4 Ne6 32. Ra8 N6c7 33. Rc8 Ra2 34. Nc4 Ra1+ 35. Kh2 f6 36. Nb6 Rxa3 37. Nd7+ Kf7 38. Nc5 Ra2 39. Kg3 Ne6 40. f4 Ra3+ 41. Kh2 Nxf4 0-1

[Event "Winnipeg TNT Aug op"]
[Site "Winnipeg CAN"]
[Date "2004.08.17"]
[Round "3"]
[White "Repa, Jason"]
[Black "Khedkar, Jay S"]
[Result "1-0"]
[WhiteElo "1938"]
[BlackElo "1939"]
[PlyCount "59"]
[GameId "2160767911094777"]
[EventDate "2004.08.03"]
[EventType "swiss"]
[EventRounds "4"]
[EventCountry "CAN"]
[SourceTitle "EXT 2006"]
[Source "ChessBase"]
[SourceDate "2005.11.24"]
[SourceVersion "1"]
[SourceVersionDate "2005.11.24"]
[SourceQuality "1"]

1. b3 Nf6 2. f4 g6 3. Nf3 Bg7 4. Bb2 O-O 5. e3 d6 6. Be2 Bg4 7. O-O Nbd7 8. d3 Bxf3 9. Bxf3 c6 10. Nd2 Ne8 11. Bxg7 Nxg7 12. g4 e5 13. fxe5 Nxe5 14. Nc4 Nxc4 15. bxc4 Qg5 16. e4 f5 17. Qc1 f4 18. Rb1 b6 19. Kh1 Rae8 20. Qa3 Qe7 21. e5 dxe5 22. Qxe7 Rxe7 23. Bxc6 Ne6 24. Bd5 Kg7 25. Bxe6 Rxe6 26. Rbe1 g5 27. Re4 Rd8 28. Kg2 Kf6 29. Kf3 Rd4 30. Rb1 1-0

[Event "Winnipeg TNT Aug op"]
[Site "Winnipeg CAN"]
[Date "2004.08.17"]
[Round "3"]
[White "Vincent, Trevor"]
[Black "Nikouline, Alexandre"]
[Result "1-0"]
[WhiteElo "1992"]
[BlackElo "2012"]
[PlyCount "79"]
[GameId "2160767911094778"]
[EventDate "2004.08.03"]
[EventType "swiss"]
[EventRounds "4"]
[EventCountry "CAN"]

1. c4 e5 2. g3 d6 3. Bg2 Nc6 4. Nc3 Be6 5. d3 Qd7 6. e4 g6 7. Nge2 Bg7 8. Nd5 Nd8 9. f4 c6 10. Ne3 Ne7 11. O-O f5 12. d4 exd4 13. Nxd4 O-O 14. exf5 Nxf5 15. Ndxf5 gxf5 16. Qd3 Nf7 17. Rd1 Rad8 18. Rb1 Nh6 19. h3 Qf7 20. b3 Kh8 21. Ba3 Qg6 22. Kh2 Nf7 23. Bf3 Bc8 24. Ng2 Bf6 25. Nh4 Qg7 26. Nxf5 Bxf5 27. Qxf5 Ne5 28. Be4 Bh4 29. Qxh7+ Qxh7 30. Bxh7 Kxh7 31. Bxd6 Nf3+ 32. Kg2 Rg8 33. Kxf3 Rxg3+ 34. Ke4 Rg2 35. Be5 Rxa2 36. Rxd8 Bxd8 37. Rd1 Bb6 38. Rd7+ Kh6 39. Rxb7 Ra3 40. Kf5 1-0

[Event "Winnipeg TNT Aug op"]
[Site "Winnipeg CAN"]
[Date "2004.08.17"]
[Round "3"]
[White "Zhou, Lu"]
[Black "Costales, Servillano"]
[Result "1-0"]
[WhiteElo "1646"]
[BlackElo "1673"]
[PlyCount "85"]
[GameId "2160767911094779"]
[EventDate "2004.08.03"]
[EventType "swiss"]
[EventRounds "4"]
[EventCountry "CAN"]

1. e4 e6 2. d4 d6 3. c4 Nd7 4. Nc3 c6 5. Nf3 Be7 6. Bd3 Qc7 7. O-O a6 8. Re1 b6 9. d5 e5 10. dxc6 Nc5 11. Bc2 Bg4 12. b4 Ne6 13. Be3 Nf6 14. b5 O-O 15. Nd5 Nxd5 16. exd5 Nc5 17. h3 Bh5 18. Bxc5 bxc5 19. Bf5 g6 20. Bd7 f5 21. g4 e4 22. Nd2 Bf6 23. Rb1 fxg4 24. hxg4 Bd4 25. Nxe4 Rf4 26. gxh5 Raf8 27. hxg6 hxg6 28. Qd3 Qd8 29. Qg3 Kg7 30. Kg2 Be5 31. Rb3 Rxe4 32. Rxe4 Bxg3 33. Rxg3 axb5 34. cxb5 Qf6 35. Re2 g5 36. c7 Qd4 37. c8=Q Qxd5+ 38. Kh2 Rh8+ 39. Qxh8+ Kxh8 40. Rh3+ Kg7 41. Re7+ Kf8 42. Rhh7 Qxa2 43. Re8# 1-0

[Event "Winnipeg TNT Aug op"]
[Site "Winnipeg CAN"]
[Date "2004.04.27"]
[Round "4"]
[White "Degroot, Stephen"]
[Black "Taylor, Jasper"]
[Result "1-0"]
[WhiteElo "1552"]
[BlackElo "1417"]
[PlyCount "63"]
[GameId "2160767911094781"]
[EventDate "2004.08.03"]
[EventType "swiss"]
[EventRounds "4"]
[EventCountry "CAN"]
[SourceTitle "EXT 2006"]
[Source "ChessBase"]
[SourceDate "2005.11.24"]
[SourceVersion "1"]
[SourceVersionDate "2005.11.24"]
[SourceQuality "1"]

1. c4 Nf6 2. Nc3 c6 3. d4 d5 4. e3 Bf5 5. Nf3 e6 6. h3 Be7 7. Nh4 Bg6 8. Nxg6 hxg6 9. Qb3 Qc7 10. cxd5 exd5 11. Be2 Nbd7 12. Bd2 O-O-O 13. O-O-O Rhf8 14. Kb1 Kb8 15. Rc1 Qb6 16. Qc2 Rde8 17. f3 Nh7 18. g4 Qd8 19. e4 dxe4 20. Bf4+ Ka8 21. fxe4 Nb6 22. Rcd1 Bd6 23. Bxd6 Qxd6 24. Rd3 Qe7 25. Bf3 Rd8 26. d5 cxd5 27. exd5 Nf6 28. Rhd1 Nc8 29. Nb5 Nd6 30. Nxa7 Kxa7 31. Qa4+ Kb8 32. Ra3 1-0